| 000 | 01266cam a22003134a 4500 | ||
|---|---|---|---|
| 001 | 15985566 | ||
| 003 | OSt | ||
| 005 | 20160527143734.0 | ||
| 008 | 091116s2007 nyua b 001 0 eng | ||
| 010 | _a 2009517764 | ||
| 020 | _a9781600940132 | ||
| 020 | _a1600940137 | ||
| 040 |
_aDLC _cDLC _dDLC |
||
| 050 | 0 | 0 |
_aRC606.64 _b.G765 2007 |
| 082 | 0 | 0 |
_aQW 551 _bG892b 2003 |
| 100 | 1 |
_aGrodeck, Brett. _99042 |
|
| 245 | 1 | 4 |
_aThe first year--HIV : _ban essential guide for the newly diagnosed / _cBrett Grodeck ; foreword by Daniel S. Berger. |
| 246 | 3 | _aHIV | |
| 250 | _a2nd.ed | ||
| 260 |
_aNew York : _bMarlowe, _c2003. |
||
| 300 |
_axxi, 330 p. : _bill. ; _c23 cm. |
||
| 504 | _aIncludes bibliographical references (p. [275]-288) and index. | ||
| 650 | 0 |
_aHIV infections _vPopular works. _99043 |
|
| 856 | 4 | 2 |
_3Contributor biographical information _uhttp://www.loc.gov/catdir/enhancements/fy1003/2009517764-b.html |
| 856 | 4 | 2 |
_3Publisher description _uhttp://www.loc.gov/catdir/enhancements/fy1003/2009517764-d.html |
| 906 |
_a7 _bcbc _corignew _d2 _encip _f20 _gy-gencatlg |
||
| 942 |
_2ddc _cO_SHELF |
||
| 999 |
_c4197 _d4197 |
||